|
|
|
|
| LEADER |
00000cam a2200000 7i4500 |
| 001 |
0000001966 |
| 005 |
20020717.0 |
| 020 |
0 |
0 |
|a 9679787818
|
| 090 |
0 |
0 |
|a 338.9595
|b NAV 2001
|
| 100 |
1 |
0 |
|a NAVARATNAM
|h Ramon V.
|
| 245 |
1 |
0 |
|a Malaysia's economic recovery :
|b policy reforms for economic sustainability
|c Ramon V. Navaratnam
|
| 260 |
0 |
0 |
|a Subang Jaya, Selangor :
|b Pelanduk Pub. ,
|c 2001
|
| 300 |
|
|
|a 239 p. ;
|c 22 cm.
|
| 500 |
0 |
0 |
|a Includes bibliography: p. 227-231 and index
|
| 650 |
0 |
0 |
|a Economic stabilization
|z Malaysia
|
| 651 |
0 |
0 |
|a Malaysia
|x Economic conditions
|
| 651 |
0 |
0 |
|a Malaysia
|x Economic policy
|
| 998 |
|
|
|a JPSM
|
| 999 |
|
|
|a 0000003296
|b Monograph
|c Open Shelf
|e Default branch
|